ARRUPE JESUIT UNIVERSITY

CORONAVIRUS -STOP THE SPREAD - CLEAN,DISINFECT,COVER

Space, text, and gender : (Record no. 123457)

MARC details
000 -LEADER
fixed length control field 01393cam a2200361 a 4500
001 - CONTROL NUMBER
control field 2386388
005 - DATE AND TIME OF LATEST TRANSACTION
control field 20151006092721.0
008 - FIXED-LENGTH DATA ELEMENTS--GENERAL INFORMATION
fixed length control field 850426s1986 enka b 001 0 eng
010 ## - LIBRARY OF CONGRESS CONTROL NUMBER
LC control number 85011011
020 ## - INTERNATIONAL STANDARD BOOK NUMBER
International Standard Book Number 0521303338
040 ## - CATALOGING SOURCE
Original cataloging agency DLC
Transcribing agency DLC
Modifying agency DLC
043 ## - GEOGRAPHIC AREA CODE
Geographic area code f-ke---
050 00 - LIBRARY OF CONGRESS CALL NUMBER
Classification number DT433.545.M32
Item number M65 1986
082 00 - DEWEY DECIMAL CLASSIFICATION NUMBER
Classification number 306/.08996
Edition number 19
100 1# - MAIN ENTRY--PERSONAL NAME
Personal name Moore, Henrietta L.
9 (RLIN) 6135
245 10 - TITLE STATEMENT
Title Space, text, and gender :
Remainder of title an anthropological study of the Marakwet of Kenya /
Statement of responsibility, etc Henrietta L. Moore.
260 ## - PUBLICATION, DISTRIBUTION, ETC. (IMPRINT)
Place of publication, distribution, etc Cambridge ;
-- New York :
Name of publisher, distributor, etc Cambridge University Press,
Date of publication, distribution, etc 1986.
300 ## - PHYSICAL DESCRIPTION
Extent xiv, 213 p. :
Other physical details ill. ;
Dimensions 24 cm.
500 ## - GENERAL NOTE
General note Based on thesis (Ph. D.)--University of Cambridge.
500 ## - GENERAL NOTE
General note Includes index.
504 ## - BIBLIOGRAPHY, ETC. NOTE
Bibliography, etc Bibliography: p. [201]-209.
650 #0 - SUBJECT ADDED ENTRY--TOPICAL TERM
Topical term or geographic name as entry element Marakwet (African people)
General subdivision Social life and customs.
9 (RLIN) 20065
650 #0 - SUBJECT ADDED ENTRY--TOPICAL TERM
Topical term or geographic name as entry element Women, Marakwet
General subdivision Social conditions.
9 (RLIN) 20066
650 #0 - SUBJECT ADDED ENTRY--TOPICAL TERM
Topical term or geographic name as entry element Space and time.
9 (RLIN) 2213
650 #0 - SUBJECT ADDED ENTRY--TOPICAL TERM
Topical term or geographic name as entry element Spatial behavior
Geographic subdivision Kenya
-- Sibou.
9 (RLIN) 20067
650 #0 - SUBJECT ADDED ENTRY--TOPICAL TERM
Topical term or geographic name as entry element Sex role
Geographic subdivision Kenya
-- Sibou.
9 (RLIN) 20068
650 #0 - SUBJECT ADDED ENTRY--TOPICAL TERM
Topical term or geographic name as entry element Gender identity
Geographic subdivision Kenya
-- Sibou.
9 (RLIN) 20069
651 #0 - SUBJECT ADDED ENTRY--GEOGRAPHIC NAME
Geographic name Sibou (Kenya)
General subdivision Social conditions.
9 (RLIN) 20070
651 #0 - SUBJECT ADDED ENTRY--GEOGRAPHIC NAME
Geographic name Sibou (Kenya)
General subdivision Economic conditions.
9 (RLIN) 20071
856 42 - ELECTRONIC LOCATION AND ACCESS
Materials specified Publisher description
Uniform Resource Identifier <a href="http://www.loc.gov/catdir/description/cam031/85011011.html">http://www.loc.gov/catdir/description/cam031/85011011.html</a>
906 ## - LOCAL DATA ELEMENT F, LDF (RLIN)
a 7
b cbc
c orignew
d 1
e ocip
f 19
g y-gencatlg
942 ## - ADDED ENTRY ELEMENTS (KOHA)
Source of classification or shelving scheme Library of Congress Classification
Item type Monograph ( Printed materials)
Holdings
Withdrawn status Lost status Source of classification or shelving scheme Damaged status Not for loan Collection code Home library Current library Shelving location Date acquired Total Checkouts Full call number Barcode Date last seen Price effective from Koha item type
    Library of Congress Classification     Main Collection ARRUPE LIBRARY ARRUPE LIBRARY Main Collection 06/10/2015   DT433.545.M32 M65 1986 46500004015 07/12/2017 06/10/2015 Monograph ( Printed materials)

 

Arrupe Library. PO Box MP320 Mt Pleasant, Harare, Zimbabwe
263 242 745411|librarian@aju.ac.zw